MARC

LEADER 00000nam0a2200000 4500
001 261267
005 20231101233541.0
035 |a (RuTPU)RU\TPU\book\284243 
090 |a 261267 
100 |a 20140522d1937 k y0rusy50 ca 
101 0 |a rus 
102 |a RU 
105 |a a z 001zy 
200 1 |a Продукты окисления нефтяных углеводородов  |f В. С. Варламов  |g Всесоюзный научно-исследовательский институт жиров (ВНИИЖ) ; под ред. А. Ю. Рабиновича 
210 |a Ленинград  |c Пищепромиздат  |d 1937 
215 |a 198 с.  |c ил. 
320 |a Библиогр. в конце ст. 
606 1 |a Углеводороды  |x Окисление  |2 stltpush  |3 (RuTPU)RU\TPU\subj\34171  |9 87473 
610 1 |a нефтяные углеводороды 
610 1 |a сырье 
610 1 |a окисление 
610 1 |a факторы 
610 1 |a аппаратура 
610 1 |a летучие продукты 
610 1 |a улавливание 
610 1 |a облагораживание 
675 |a 665  |v 3 
700 1 |a Варламов  |b В. С. 
702 1 |a Рабинович  |b А. Ю.  |4 340 
712 0 2 |a Всесоюзный научно-исследовательский институт жиров (ВНИИЖ)  |c (Санкт-Петербург)  |2 stltpush  |3 (RuTPU)RU\TPU\col\14762 
801 1 |a RU  |b 63413507  |c 20140522 
801 2 |a RU  |b 63413507  |c 20140627  |g RCR 
942 |c BK